El Plan de América : (Record no. 63723)

MARC details
000 -LEADER
fixed length control field 00563cam a2200181 a 4500
008 - FIXED-LENGTH DATA ELEMENTS--GENERAL INFORMATION
fixed length control field 040211s1990 ec 000 0 spa u
020 ## - INTERNATIONAL STANDARD BOOK NUMBER
International Standard Book Number 8400063872
050 00 - LIBRARY OF CONGRESS CALL NUMBER
Classification number F3721 .3 .F7
Item number E88 1990
100 1# - MAIN ENTRY--PERSONAL NAME
Personal name Estrella, Eduardo
245 13 - TITLE STATEMENT
Title El Plan de América :
Remainder of title etnohistoria de los alimentos aborígenes en el ecuador /
Statement of responsibility, etc Eduardo Estrella.
250 ## - EDITION STATEMENT
Edition statement 3a. ed.
260 ## - PUBLICATION, DISTRIBUTION, ETC. (IMPRINT)
Place of publication, distribution, etc Quito, Ecuador :
Name of publisher, distributor, etc Abya-Yala,
Date of publication, distribution, etc 1990.
300 ## - PHYSICAL DESCRIPTION
Extent 390 p. ;
Dimensions 22 cm.
440 #0 - SERIES STATEMENT/ADDED ENTRY--TITLE
Title 500 años ;
Volume number/sequential designation 29
650 #0 - SUBJECT ADDED ENTRY--TOPICAL TERM
Topical term or geographic name as entry element Alimentos
Geographic subdivision Ecuador
General subdivision Historia
942 ## - ADDED ENTRY ELEMENTS (KOHA)
Source of classification or shelving scheme Biblioteca del Cogreso de los Estados Unidos
Koha item type Libro
Holdings
Estado de pérdida Fuente de clasificación Estado del daño No para préstamo Ubicación permanente Ubicación actual Apartado o colección Fecha de adquisición Edición Dependencia de educación superior (DES) Área del conocimiento Clasificación Código de Barras Date last seen Número de copia Tipo de recurso
  Biblioteca del Cogreso de los Estados Unidos     Biblioteca del Instituto de Investigaciones Históricas Biblioteca del Instituto de Investigaciones Históricas General 13/08/2018 3a ed. Derecho Ciencias Sociales y Administrativas F3721 .3 .F7 E88 1990 IIH000023779 13/08/2018 C:1 Libro